[Event "GRE-ch Schools Lykeia"]
[Site "Athen"]
[Date "2022.06.12"]
[Round "3"]
[White "Stoimenidis, Dimitrios"]
[Black "Pilalis, Ernestos"]
[Result "1-0"]
[WhiteElo "1861"]
[BlackElo "1288"]
[PlyCount "115"]
[EventDate "2022.06.12"]
[EventType "swiss"]
[EventRounds "9"]
[EventCountry "GRE"]
[SourceTitle "EXT 2023"]
[Source "ChessBase"]
[SourceDate "2022.10.05"]
[SourceVersion "1"]
[SourceVersionDate "2022.10.05"]
[SourceQuality "1"]

1. d4 Nf6 2. Bf4 e6 3. e3 d5 4. Nd2 Be7 5. Bd3 b6 6. h3 Bb7 7. Ngf3 h6 8. 0-0 Nbd7 9. c3 Ne4 10. Qc2 f5 11. Bxe4 dxe4 12. Ne5 Nxe5 13. Bxe5 Bf6 14. Bxf6 Qxf6 15. Qa4+ c6 16. f3 exf3 17. Nxf3 0-0 18. Ne5 b5 19. Qb3 Rfd8 20. e4 Kh7 21. Qc2 g6 22. Nd3 Bc8 23. Rae1 a5 24. exf5 gxf5 25. Nc5 Ra7 26. Qe2 Re7 27. Qe5 Qg6 28. Rxf5 Rd5 29. Qf6 Rxf5 30. Qxe7+ Rf7 31. Qd6 Rg7 32. Re2 e5 33. Qxg6+ Rxg6 34. dxe5 Rg5 35. Nd3 Bf5 36. Nf4 Kg8 37. Rd2 Be4 38. e6 Bd5 39. Nxd5 Rxd5 40. Rxd5 cxd5 41. Kf2 Kf8 42. Ke3 Ke7 43. Kf4 Kxe6 44. g4 a4 45. h4 Kf6 46. g5+ hxg5+ 47. hxg5+ Ke6 48. g6 b4 49. g7 Kf7 50. cxb4 Kxg7 51. b5 Kf7 52. b6 Ke7 53. b7 Kd7 54. b8Q d4 55. Ke5 d3 56. Qb7+ Kd8 57. Ke6 d2 58. Qb8# 1-0

[Event "GRE-chT 46th"]
[Site "Rio Achaia"]
[Date "2018.07.15"]
[Round "7.6"]
[White "Pilalis, Ernestos"]
[Black "Kafantaris, Pavlos"]
[Result "0-1"]
[WhiteElo "1278"]
[BlackElo "1380"]
[PlyCount "115"]
[EventDate "2018.07.10"]
[EventType "team"]
[EventRounds "7"]
[EventCountry "GRE"]
[SourceTitle "CBM 185 Extra"]
[Source "ChessBase"]
[SourceDate "2018.07.29"]
[SourceVersion "1"]
[SourceVersionDate "2018.07.29"]
[SourceQuality "1"]
[WhiteTeam "Heraklion Attica"]
[BlackTeam "Triandrias OF"]
[WhiteTeamCountry "GRE"]
[BlackTeamCountry "GRE"]

1. Nf3 Nf6 2. d4 d5 3. e3 e6 4. Be2 Be7 5. 0-0 0-0 6. b3 b6 7. Bb2 Bb7 8. Nbd2 Nbd7 9. c4 c5 10. Rc1 Rc8 11. Ne5 Ne4 12. f3 Nxd2 13. Qxd2 cxd4 14. exd4 dxc4 15. Nxd7 Qxd7 16. bxc4 Rfd8 17. Qe3 Bf6 18. Rfd1 h6 19. Bd3 Qd6 20. c5 bxc5 21. dxc5 Qe7 22. Bxf6 Qxf6 23. Rc2 Bc6 24. Rdc1 Qd4 25. Qxd4 Rxd4 26. Be4 Bxe4 27. fxe4 Rxe4 28. c6 Rd4 29. Rb2 Kf8 30. c7 Ke8 31. Rb7 a5 32. a3 a4 33. Rb4 Rxb4 34. axb4 Kd7 35. Ra1 Ra8 36. Rc1 a3 37. Kf2 a2 38. Ke3 Kc8 39. Ra1 Kxc7 40. Kd4 Kb6 41. Kc4 Rc8+ 42. Kb3 Ra8 43. Kc4 f6 44. Kb3 Kb5 45. Rxa2 Rxa2 46. Kxa2 Kxb4 47. Kb2 e5 48. Kc2 Kc4 49. Kd2 Kd4 50. Ke2 f5 51. g3 g5 52. Kf2 e4 53. h4 gxh4 54. gxh4 f4 55. h5 e3+ 56. Ke2 f3+ 57. Kf1 Kd3 58. Ke1 0-1

[Event "GRE-ch U12"]
[Site "Rio Achaia"]
[Date "2018.07.03"]
[Round "1"]
[White "Fragkos, Vasileios"]
[Black "Pilalis, Ernestos"]
[Result "1-0"]
[WhiteElo "1774"]
[BlackElo "1278"]
[PlyCount "63"]
[EventDate "2018.07.03"]
[EventType "swiss"]
[EventRounds "9"]
[EventCountry "GRE"]
[SourceTitle "EXT 2019"]
[Source "ChessBase"]
[SourceDate "2018.10.10"]
[SourceVersion "1"]
[SourceVersionDate "2018.10.10"]
[SourceQuality "1"]

1. e4 c5 2. Nf3 e6 3. d4 cxd4 4. Nxd4 a6 5. c4 Nf6 6. Qd3 Qc7 7. Nc3 Nc6 8. Nxc6 bxc6 9. Be2 Be7 10. 0-0 0-0 11. Be3 Bb7 12. c5 Rfd8 13. f4 d6 14. cxd6 Bxd6 15. Qc2 Be7 16. Rac1 Rd7 17. e5 Nd5 18. Nxd5 exd5 19. Bg4 Rdd8 20. Qf2 Rf8 21. Bb6 Qb8 22. Bd7 Rc8 23. Bxc8 Qxc8 24. f5 f6 25. exf6 Bxf6 26. Bd4 Qf8 27. Rc3 Re8 28. Bxf6 Qxf6 29. Re3 Rxe3 30. Qxe3 Kf8 31. Re1 Qf7 32. Qe5 1-0

[Event "GRE-ch U12"]
[Site "Achaia"]
[Date "2017.07.02"]
[Round "9"]
[White "Pilalis, Ernestos"]
[Black "Basinas, Konstantinos"]
[Result "0-1"]
[WhiteElo "1174"]
[BlackElo "1411"]
[PlyCount "74"]
[EventDate "2017.06.26"]
[EventType "swiss"]
[EventRounds "9"]
[EventCountry "GRE"]
[SourceTitle "EXT 2018"]
[Source "ChessBase"]
[SourceDate "2017.10.13"]
[SourceVersion "1"]
[SourceVersionDate "2017.10.13"]
[SourceQuality "1"]

1. d4 c5 2. c4 cxd4 3. Qxd4 Nc6 4. Qd3 e6 5. g3 Be7 6. Bg2 Nf6 7. Nf3 0-0 8. 0-0 Qc7 9. Nc3 a6 10. Bg5 h6 11. Bxf6 Bxf6 12. Rfe1 Rd8 13. e4 d6 14. Rad1 b6 15. Qc2 Bb7 16. a3 Rac8 17. b3 b5 18. Na2 Na5 19. Rc1 bxc4 20. bxc4 Qxc4 21. Qd2 Qa4 22. Rxc8 Bxc8 23. Qd3 Qb3 24. Qxb3 Nxb3 25. Rb1 Nc5 26. Nd2 Kf8 27. Nb4 Bb7 28. f3 Bc3 29. Nc4 d5 30. exd5 exd5 31. Rd1 Ke8 32. Ne3 d4 33. Nc4 d3 34. Na2 Bd5 35. Nxc3 Bxc4 36. Bf1 Bb3 37. Rd2 Bc2 0-1

[Event "GRE-ch U12"]
[Site "Achaia"]
[Date "2017.06.30"]
[Round "7"]
[White "Pilalis, Ernestos"]
[Black "Diamantakos, Sotirios"]
[Result "0-1"]
[WhiteElo "1174"]
[BlackElo "1434"]
[PlyCount "96"]
[EventDate "2017.06.26"]
[EventType "swiss"]
[EventRounds "9"]
[EventCountry "GRE"]
[SourceTitle "EXT 2018"]
[Source "ChessBase"]
[SourceDate "2017.10.13"]
[SourceVersion "1"]
[SourceVersionDate "2017.10.13"]
[SourceQuality "1"]

1. d4 Nf6 2. c4 c5 3. d5 e6 4. Nc3 exd5 5. cxd5 d6 6. e4 g6 7. Nf3 Nbd7 8. Bd3 Bg7 9. 0-0 0-0 10. Bf4 Ne8 11. Re1 Qc7 12. Qe2 Ne5 13. Bxe5 dxe5 14. Rad1 a6 15. a4 Nd6 16. h3 Re8 17. Nd2 Bd7 18. Nc4 Bf8 19. a5 Nxc4 20. Bxc4 Bd6 21. Ra1 Kh8 22. Bd3 f5 23. Rec1 Qd8 24. Bc2 Rg8 25. Ba4 Bc8 26. Bb3 f4 27. Na4 Qe7 28. f3 Bd7 29. Nb6 Raf8 30. Ba4 Bc8 31. Qf2 c4 32. Kh1 g5 33. Rxc4 g4 34. Nxc8 Rxc8 35. Rxc8 Rxc8 36. fxg4 Bc5 37. Qc2 Rf8 38. Rc1 Be3 39. Rf1 Bd4 40. b3 Qh4 41. Qd1 Bc3 42. d6 Bd4 43. d7 Rg8 44. Qe1 Qg5 45. Qb4 h5 46. Qd2 hxg4 47. g3 gxh3 48. gxf4 Qg2+ 0-1

[Event "GRE-ch U10"]
[Site "Porto Rio"]
[Date "2016.07.03"]
[Round "8"]
[White "Fragkos, Vasileios"]
[Black "Pilalis, Ernestos"]
[Result "1/2-1/2"]
[WhiteElo "1222"]
[BlackElo "1043"]
[PlyCount "86"]
[EventDate "2016.06.28"]
[EventType "swiss"]
[EventRounds "9"]
[EventCountry "GRE"]
[SourceTitle "CBM 173 Extra"]
[Source "ChessBase"]
[SourceDate "2016.08.29"]
[SourceVersion "1"]
[SourceVersionDate "2016.08.29"]
[SourceQuality "1"]

1. e4 c5 2. Be2 Nc6 3. f4 g6 4. Nf3 Bg7 5. d3 d6 6. 0-0 Nf6 7. c3 0-0 8. Na3 Re8 9. Qe1 e6 10. Kh1 Nd7 11. Bd2 d5 12. e5 f6 13. exf6 Nxf6 14. Rb1 Re7 15. Qf2 b6 16. Rbe1 Qe8 17. Nb5 Ba6 18. a4 Bxb5 19. axb5 Na5 20. c4 dxc4 21. dxc4 Nb7 22. Ne5 Ne4 23. Qe3 Nxd2 24. Qxd2 Qd8 25. Qxd8+ Nxd8 26. Bf3 Rc8 27. Rf2 Bxe5 28. Rxe5 Nf7 29. Re1 Rd8 30. g3 Rd4 31. Re4 Rxe4 32. Bxe4 Rd7 33. b3 Rd4 34. Bc2 e5 35. fxe5 Nxe5 36. Kg1 Nd3 37. Bxd3 Rxd3 38. Rb2 Kf7 39. Kf2 Kf6 40. Ke2 Rc3 41. Kd2 Rf3 42. Ke2 Rc3 43. Kd2 Rf3 1/2-1/2

[Event "GRE-ch U10"]
[Site "Porto Rio"]
[Date "2016.07.01"]
[Round "5"]
[White "Pilalis, Ernestos"]
[Black "Kareklas, Konstantinos"]
[Result "0-1"]
[WhiteElo "1043"]
[BlackElo "1126"]
[PlyCount "46"]
[EventDate "2016.06.28"]
[EventType "swiss"]
[EventRounds "9"]
[EventCountry "GRE"]
[SourceTitle "CBM 173 Extra"]
[Source "ChessBase"]
[SourceDate "2016.08.29"]
[SourceVersion "1"]
[SourceVersionDate "2016.08.29"]
[SourceQuality "1"]

1. e4 e5 2. Nf3 Nc6 3. d4 exd4 4. Nxd4 Bb4+ 5. Nc3 Nf6 6. Nxc6 bxc6 7. Bd3 0-0 8. 0-0 d5 9. exd5 cxd5 10. Bg5 c6 11. a3 Bd6 12. Re1 h6 13. Bxf6 Qxf6 14. h3 Bd7 15. Re3 Rfe8 16. Rxe8+ Rxe8 17. Rb1 Qe5 18. Ne2 Qh2+ 19. Kf1 Qh1+ 20. Ng1 Bh2 21. Bh7+ Kxh7 22. Qd3+ Kg8 23. Qe3 Qxg1+ 0-1

[Event "GRE-ch U10"]
[Site "Porto Rio"]
[Date "2016.06.30"]
[Round "4"]
[White "Kostelidis, Georgios"]
[Black "Pilalis, Ernestos"]
[Result "1-0"]
[WhiteElo "1268"]
[BlackElo "1043"]
[PlyCount "87"]
[EventDate "2016.06.28"]
[EventType "swiss"]
[EventRounds "9"]
[EventCountry "GRE"]
[SourceTitle "CBM 173 Extra"]
[Source "ChessBase"]
[SourceDate "2016.08.29"]
[SourceVersion "1"]
[SourceVersionDate "2016.08.29"]
[SourceQuality "1"]

1. d4 d5 2. Bf4 Nc6 3. e3 Nf6 4. c4 dxc4 5. Bxc4 Bf5 6. Nc3 e6 7. Nf3 Bd6 8. Ne5 0-0 9. Qf3 Bxe5 10. Bxe5 Ng4 11. Bg3 Rb8 12. d5 Nb4 13. 0-0 Nh6 14. Bf4 exd5 15. Bxh6 dxc4 16. Bxg7 Kxg7 17. Qxf5 Kh8 18. Ne4 Qd5 19. Qf4 f5 20. Ng5 c6 21. Rad1 Nd3 22. Qh4 Qg8 23. b3 b5 24. bxc4 bxc4 25. Qd4+ Qg7 26. Qxg7+ Kxg7 27. Ne6+ Kf6 28. Nxf8 Rxf8 29. Rb1 Rf7 30. Rfd1 Ke5 31. Rd2 f4 32. exf4+ Kxf4 33. Rc2 Ne5 34. Rb4 Rd7 35. g3+ Kf5 36. Rcxc4 Nxc4 37. Rxc4 Rd2 38. Rxc6 Rxa2 39. Rh6 a5 40. Rxh7 a4 41. Ra7 a3 42. Kf1 Kg4 43. Ra4+ Kh3 44. Rh4# 1-0

[Event "GRE-ch U10"]
[Site "Rio Achaia"]
[Date "2015.06.30"]
[Round "7.15"]
[White "Vizirakis, Antonios"]
[Black "Pilalis, Ernestos"]
[Result "1-0"]
[WhiteElo "1176"]
[BlackElo "1104"]
[PlyCount "83"]
[EventDate "2015.06.26"]
[EventType "swiss"]
[EventRounds "9"]
[EventCountry "GRE"]
[SourceTitle "EXT 2024"]
[Source "ChessBase"]
[SourceDate "2023.10.10"]
[SourceVersion "1"]
[SourceVersionDate "2023.10.10"]
[SourceQuality "1"]

1. d4 d5 2. c4 c6 3. Nc3 dxc4 4. e4 b5 5. a4 Qa5 6. Bd2 Qb6 7. Nf3 Bg4 8. Be3 Bxf3 9. Qxf3 Qb7 10. Be2 g6 11. Rb1 Bg7 12. e5 e6 13. axb5 Qb6 14. bxc6 Nxc6 15. Bxc4 Rc8 16. Bb5 Nge7 17. 0-0 0-0 18. Bxc6 Nxc6 19. d5 Nxe5 20. Qd1 Qb7 21. dxe6 fxe6 22. Qd6 Rc6 23. Qd1 Nc4 24. Qc2 Rb8 25. h3 Nxe3 26. fxe3 Rb6 27. Rf2 Bh6 28. Re2 Bg7 29. Qd2 Rc6 30. Rc1 Rc4 31. Qd6 Kf7 32. Rf2+ Bf6 33. Qe5 Ke8 34. Qxf6 Qb6 35. Qf7+ Kd8 36. Rd1+ Rd4 37. Rxd4+ Qxd4 38. exd4 Kc8 39. Qf8+ Kb7 40. Rf7+ Ka8 41. Qe7 Rxb2 42. Qxa7# 1-0

[Event "GRE-ch U10"]
[Site "Rio Achaia"]
[Date "2015.06.27"]
[Round "3.17"]
[White "Vizirakis, Stavros"]
[Black "Pilalis, Ernestos"]
[Result "1-0"]
[WhiteElo "1155"]
[BlackElo "1104"]
[PlyCount "111"]
[EventDate "2015.06.26"]
[EventType "swiss"]
[EventRounds "9"]
[EventCountry "GRE"]
[SourceTitle "EXT 2024"]
[Source "ChessBase"]
[SourceDate "2023.10.10"]
[SourceVersion "1"]
[SourceVersionDate "2023.10.10"]
[SourceQuality "1"]

1. e4 c5 2. Nf3 Nc6 3. Bb5 Nf6 4. Bxc6 dxc6 5. Nc3 g6 6. h3 Bg7 7. d3 0-0 8. Be3 b6 9. Qd2 Ba6 10. Bh6 c4 11. Bxg7 Kxg7 12. d4 e6 13. e5 Ng8 14. 0-0 c5 15. dxc5 Qxd2 16. Nxd2 bxc5 17. Nde4 Rac8 18. Rfd1 Rc6 19. Rd6 Rfc8 20. Nxc5 Rxc5 21. Rxa6 R8c7 22. f4 Nh6 23. g4 Rb7 24. Na4 Rd5 25. Rd6 Ra5 26. b3 cxb3 27. axb3 Rb4 28. Rf1 Ng8 29. Rd7 Ra6 30. f5 exf5 31. gxf5 gxf5 32. Rxf5 Rg6+ 33. Kf2 Nh6 34. Rf6 Rxf6+ 35. exf6+ Kxf6 36. Rxa7 Rf4+ 37. Kg3 Kg5 38. h4+ Rxh4 39. Ra5+ Nf5+ 40. Rxf5+ Kxf5 41. Kxh4 f6 42. Nc5 Ke5 43. Nd7+ Ke6 44. Nf8+ Kf7 45. Nxh7 Ke6 46. Nxf6 Kxf6 47. c4 Ke6 48. b4 Kd6 49. c5+ Kc6 50. Kg5 Kb5 51. Kf6 Kc6 52. Ke6 Kc7 53. b5 Kb7 54. b6 Kc6 55. b7 Kxb7 56. Kd7 1-0